[Event "CN Juniori 2012 B16"]
[Site "Calimanesti-Caciulata"]
[Date "2012.04.07"]
[Round "8.4"]
[White "Mocanu, Victor Valentin"]
[Black "Lupascu, Matei Alexandru"]
[Result "0-1"]
[WhiteElo "1837"]
[BlackElo "2006"]
[PlyCount "130"]
[EventDate "2012.??.??"]

1. e4 c5 2. Nc3 e6 3. f4 Nc6 4. Nf3 Nge7 5. d3 d5 6. e5 Nf5 7. g3 b5 8. Bg2 Bb7
9. O-O b4 10. Ne2 h5 11. h3 a5 12. Kh2 Be7 13. Qe1 Qc7 14. Bd2 a4 15. Qf2 Ba6
16. b3 Bb5 17. Rfc1 axb3 18. axb3 Kd7 19. Qe1 Qb7 20. Rcb1 Rxa1 21. Rxa1 Ra8
22. Qb1 Ra7 23. g4 hxg4 24. hxg4 Nh6 25. Rxa7 Qxa7 26. Kg3 c4 27. dxc4 dxc4 28.
Qd1 Ke8 29. bxc4 Bxc4 30. Be1 Bc5 31. Nc1 Bd5 32. Nd3 Be3 33. Bf2 Nxg4 34. Kxg4
Bxf2 35. Qf1 Bc5 36. Nfe1 Ne7 37. Nxc5 Qxc5 38. Bxd5 Nxd5 39. Qe2 Qd4 40. Nd3
Qg1+ 41. Kf3 Qh1+ 42. Kg3 Nc3 43. Qg2 Qxg2+ 44. Kxg2 Nd5 45. Kf3 Kd7 46. Ke4
Kc6 47. Kd4 Kb5 48. f5 Nc7 49. f6 Ne8 50. fxg7 Nxg7 51. Nf2 Nf5+ 52. Kd3 Kc5
53. Ke4 Kc4 54. Nd1 Ne7 55. Ne3+ Kc3 56. Nd1+ Kxc2 57. Ne3+ Kc3 58. Nd1+ Kd2
59. Ne3 b3 60. Nc4+ Kc1 61. Kf4 b2 62. Nxb2 Kxb2 63. Kg5 Nc6 64. Kf6 Nxe5 65.
Kxe5 Kc3 0-1

[Event "CN Juniori 2012 B16"]
[Site "Calimanesti-Caciulata"]
[Date "2012.04.06"]
[Round "7.4"]
[White "Bunta, Andrei"]
[Black "Lupascu, Matei Alexandru"]
[Result "1/2-1/2"]
[WhiteElo "1836"]
[BlackElo "2006"]
[PlyCount "61"]
[EventDate "2012.??.??"]

1. d4 Nf6 2. c4 g6 3. Nc3 Bg7 4. e4 d6 5. Nf3 O-O 6. Be2 Nbd7 7. O-O e5 8. h3
a5 9. Be3 Qe8 10. dxe5 dxe5 11. Qc2 c6 12. Ne1 Qe7 13. Nd3 Re8 14. Rfd1 Bf8 15.
a3 Qd8 16. b4 Qc7 17. c5 Kh8 18. Nb2 Ng8 19. Nc4 axb4 20. axb4 Rxa1 21. Rxa1
Bh6 22. Nd6 Rf8 23. Bxh6 Nxh6 24. Qd2 Kg7 25. Rd1 Nb8 26. b5 f5 27. b6 Qe7 28.
Bc4 f4 29. f3 Ng8 30. Kh1 Nf6 31. Nxc8 1/2-1/2

[Event "CN Juniori 2012 B16"]
[Site "Calimanesti-Caciulata"]
[Date "2012.04.05"]
[Round "5.3"]
[White "Lupascu, Matei Alexandru"]
[Black "Dobre, Mihai"]
[Result "1/2-1/2"]
[WhiteElo "2006"]
[BlackElo "2012"]
[PlyCount "91"]
[EventDate "2012.??.??"]

1. d4 d5 2. c4 e6 3. e3 Nf6 4. Nc3 c5 5. cxd5 Nxd5 6. Nf3 cxd4 7. Nxd5 Qxd5 8.
Qxd4 Nc6 9. Qxd5 exd5 10. Bd2 Bf5 11. Bb5 a6 12. Ba4 b5 13. Bb3 Rd8 14. O-O Be7
15. Rfc1 Nb4 16. Nd4 Bd7 17. Bxb4 Bxb4 18. Bxd5 O-O 19. Bc6 Be6 20. Bb7 Bc8 21.
Bf3 Rd6 22. Rc2 Be6 23. a3 Ba5 24. Rac1 Bb6 25. Rc6 Rfd8 26. Nxe6 fxe6 27. b4
Kf7 28. g3 Ke7 29. Rxd6 Rxd6 30. Bb7 Bd8 31. e4 Rb6 32. Ba8 Rb8 33. Bc6 Rc8 34.
e5 Bb6 35. Kg2 Bd4 36. Rd1 Bxe5 37. Bb7 Rc3 38. Bxa6 Rxa3 39. Bxb5 Rb3 40. Re1
Bc3 41. Rxe6+ Kxe6 42. Bc4+ Kf6 43. Bxb3 Bxb4 44. f4 g5 45. Kf3 gxf4 46. gxf4
1/2-1/2

[Event "CN Juniori 2012 B16"]
[Site "Calimanesti-Caciulata"]
[Date "2012.04.05"]
[Round "6.2"]
[White "Lupascu, Matei Alexandru"]
[Black "Tomici, Stefan"]
[Result "1/2-1/2"]
[WhiteElo "2006"]
[BlackElo "2144"]
[PlyCount "167"]
[EventDate "2012.??.??"]

1. Nf3 d5 2. g3 c5 3. Bg2 Nc6 4. O-O Nf6 5. d3 e6 6. a3 Be7 7. Nbd2 O-O 8. c4
a6 9. e3 b5 10. b3 Bb7 11. Qc2 Qc7 12. Bb2 Rfd8 13. Rfd1 Rac8 14. Rab1 d4 15.
e4 b4 16. a4 Nd7 17. Rf1 e5 18. Rbe1 Rf8 19. Bc1 Rce8 20. Kh1 Nd8 21. Ng1 Bd6
22. Nb1 Ne6 23. Nh3 f5 24. f3 Rf7 25. Qe2 g6 26. Ng5 Nxg5 27. Bxg5 f4 28. g4
Nf8 29. Bh4 Ne6 30. Bh3 g5 31. Bf2 Be7 32. Rg1 Bf6 33. Rc1 Kf8 34. Kg2 Ke7 35.
Kf1 Kd6 36. Ke1 Qe7 37. Rh1 Rh8 38. Kd2 Bc8 39. Bg2 Nf8 40. Rcg1 h5 41. h3 Rfh7
42. Qd1 Ne6 43. Ke2 Rh6 44. Nd2 R8h7 45. Qa1 Nf8 46. Qb1 Be6 47. Qa1 Qd8 48.
Kd1 Qc8 49. Kc2 Be7 50. Qd1 Nd7 51. Rf1 Nb6 52. Qa1 Nd7 53. Qd1 Nb6 54. Rfg1
Rh8 55. Kb2 Bd8 56. Kc2 Nd7 57. Qa1 Nb6 58. Rf1 Bd7 59. Rfg1 a5 60. Rf1 R6h7
61. Kd1 Bc6 62. Ke2 Qd7 63. Rfg1 Qe8 64. Rb1 Ra7 65. Rbg1 Rhh7 66. Qa2 Ra8 67.
Ra1 Rb8 68. Qc2 Qh8 69. Rag1 Be7 70. Qa2 Qe8 71. Ra1 Qd7 72. Qc2 Rbh8 73. Qa2
Bd8 74. Qc2 Rh6 75. Qa2 R8h7 76. Qc2 Qe8 77. Rag1 Qh8 78. Qd1 Kc7 79. Qa1 Kc8
80. Qd1 Qe8 81. Qc2 Ra7 82. Ra1 Be7 83. Qa2 Bd6 84. Qc2 1/2-1/2

[Event "CN Juniori 2012 B16"]
[Site "Calimanesti-Caciulata"]
[Date "2012.04.04"]
[Round "4.4"]
[White "Neagu, Mihai-Cosmin"]
[Black "Lupascu, Matei Alexandru"]
[Result "0-1"]
[WhiteElo "1921"]
[BlackElo "2006"]
[PlyCount "86"]
[EventDate "2012.??.??"]

1. c4 Nf6 2. Nf3 g6 3. g3 Bg7 4. Bg2 d6 5. O-O O-O 6. Nc3 a6 7. d3 Nc6 8. Rb1
Rb8 9. Bd2 Bd7 10. Qc1 b5 11. Bh6 b4 12. Bxg7 Kxg7 13. Nd5 Ng4 14. h3 Nge5 15.
Nxe5 dxe5 16. Qd2 a5 17. Rfd1 f5 18. f4 exf4 19. Nxf4 Rf6 20. Nd5 Rf7 21. d4 e6
22. Nf4 Qf6 23. Rbc1 Re8 24. d5 Nd8 25. e3 e5 26. Nd3 h5 27. Qf2 Bc8 28. a3
bxa3 29. bxa3 g5 30. Rf1 e4 31. Nc5 Qb6 32. Na4 Qd6 33. Rc3 Bd7 34. Nb2 Nb7 35.
h4 gxh4 36. gxh4 Nc5 37. Qf4 Qxf4 38. Rxf4 Kf6 39. Bf1 Ke5 40. Kf2 Rb8 41. Nd1
Ba4 42. Rc1 Rb3 43. Rc3 Rb1 0-1

[Event "CN Juniori 2012 B16"]
[Site "Calimanesti-Caciulata"]
[Date "2012.04.03"]
[Round "3.1"]
[White "Lupascu, Matei Alexandru"]
[Black "Bida, Mihai Eugen"]
[Result "0-1"]
[WhiteElo "2006"]
[BlackElo "2196"]
[PlyCount "100"]
[EventDate "2012.??.??"]

1. d4 Nf6 2. c4 e6 3. Nf3 c5 4. d5 exd5 5. cxd5 d6 6. Nc3 g6 7. e4 Bg7 8. Bd3
O-O 9. O-O Bg4 10. Bg5 Nbd7 11. Re1 a6 12. a4 Rc8 13. h3 Bxf3 14. Qxf3 h6 15.
Bh4 c4 16. Bc2 Qb6 17. Rab1 Qc5 18. Qe3 b5 19. axb5 axb5 20. Qxc5 Rxc5 21. Ra1
b4 22. Ne2 g5 23. Bg3 Ne8 24. Ba4 Ne5 25. Nd4 Nd3 26. Nf5 Nxe1 27. Nxg7 Kxg7
28. Rxe1 Ra5 29. Bc6 Ra2 30. Rc1 h5 31. h4 gxh4 32. Bf4 c3 33. b3 Rb2 34. Ba4
c2 35. Kh2 Nf6 36. f3 Rd8 37. Kh3 Kf8 38. Bg5 Kg7 39. Bf4 Ra8 40. Bb5 Raa2 41.
Bd3 Rxb3 42. Bc4 Rbb2 43. Bxa2 Rxa2 44. Bxd6 b3 45. Be5 b2 46. Bxb2 Rxb2 47.
Kxh4 Nd7 48. f4 Nc5 49. d6 Kf8 50. Kg5 Nb3 0-1

[Event "CN Juniori 2012 B16"]
[Site "Calimanesti-Caciulata"]
[Date "2012.04.03"]
[Round "2.5"]
[White "Negrau, Mihnea-Ionut"]
[Black "Lupascu, Matei Alexandru"]
[Result "0-1"]
[WhiteElo "1799"]
[BlackElo "2006"]
[PlyCount "75"]
[EventDate "2012.??.??"]

1. e4 c5 2. Nf3 e6 3. d4 cxd4 4. Nxd4 a6 5. Nc3 Qc7 6. Be3 Bb4 7. Qd2 Nf6 8.
Bd3 d5 9. exd5 Nxd5 10. Nde2 Nxe3 11. Qxe3 Bc5 12. Qg5 O-O 13. Ne4 Be7 14. Qg3
Qxg3 15. hxg3 Nd7 16. O-O-O f5 17. Bc4 Ne5 18. Nd2 Ng4 19. Rde1 Bg5 20. Nf4 Rd8
21. Nf3 Bxf4+ 22. gxf4 Nxf2 23. Rhf1 Ne4 24. Ng5 Nxg5 25. fxg5 g6 26. Bxe6+
Bxe6 27. Rxe6 Rd7 28. Rfe1 Kf7 29. Rf6+ Kg7 30. Rfe6 Rad8 31. Re7+ Kf8 32. R7e6
Rc8 33. Rf6+ Kg7 34. Rfe6 Rcc7 35. c3 h6 36. Rf6 Re7 37. Rfe6 Rxe6 38. gxh6+
0-1

[Event "CN Juniori 2012 B16"]
[Site "Calimanesti-Caciulata"]
[Date "2012.04.02"]
[Round "1.6"]
[White "Lupascu, Matei Alexandru"]
[Black "Negru, Alecsandru-George"]
[Result "1-0"]
[WhiteElo "2006"]
[BlackElo "1661"]
[PlyCount "107"]
[EventDate "2012.??.??"]

1. d4 Nf6 2. c4 e6 3. Nf3 Be7 4. Nc3 O-O 5. g3 d5 6. Bg2 c6 7. O-O Nbd7 8. e3
Qc7 9. a4 b6 10. cxd5 exd5 11. Qc2 Ba6 12. Re1 Bb4 13. Bd2 Bxc3 14. Bxc3 Ne4
15. Bb4 Rfe8 16. Rec1 c5 17. Bh3 c4 18. Ne1 Ng5 19. Bg2 Nf6 20. Nd3 Qd7 21. Nf4
Ne6 22. Bh3 Qc6 23. Ne2 Ng5 24. Bg2 Qd7 25. Nc3 Nfe4 26. Nxe4 Nxe4 27. f3 Nf6
28. Re1 Rac8 29. Rad1 b5 30. a5 Bb7 31. e4 h6 32. e5 Nh7 33. h4 Rc6 34. Kh2 Bc8
35. Qf2 Nf8 36. f4 Qf5 37. Qf1 Be6 38. Rd2 Nd7 39. Bf3 Nb8 40. Bd1 Na6 41. Bd6
Qg6 42. h5 Qh7 43. g4 b4 44. Bc2 Qh8 45. Rg2 c3 46. bxc3 bxc3 47. Ba4 Rec8 48.
Bxc6 Rxc6 49. f5 Bc8 50. Qb5 Rc4 51. Qxd5 Bb7 52. Qxc4 Kh7 53. Qxf7 Qd8 54. f6
1-0

[Event "CN Juniori 2011 - B16"]
[Site "Caciulata"]
[Date "2011.04.17"]
[Round "9.8"]
[White "Negrau, Mihnea-Ionut"]
[Black "Lupascu, Matei Alexandru"]
[Result "0-1"]
[WhiteElo "1815"]
[BlackElo "1958"]
[Annotator "Claudiu Iordache"]
[PlyCount "46"]
[EventDate "2011.??.??"]

1. e4 c5 2. Nf3 e6 3. d4 cxd4 4. Nxd4 a6 5. Nc3 Qc7 6. Be2 Nf6 7. O-O Nc6 8.
Be3 Be7 9. Kh1 b5 10. a3 Bb7 11. f4 d6 12. Bf3 O-O 13. g4 Nd7 14. f5 Nxd4 15.
Bxd4 Ne5 16. Be3 Rfd8 17. Qe2 Nxf3 18. Rxf3 d5 19. Rh3 d4 20. g5 dxc3 21. f6
Bxe4+ 22. Kg1 cxb2 23. Rb1 gxf6 0-1

[Event "CN Juniori 2011 - B16"]
[Site "Caciulata"]
[Date "2011.04.16"]
[Round "8.7"]
[White "Lupascu, Matei Alexandru"]
[Black "Deliman, Antonio Emil"]
[Result "1/2-1/2"]
[WhiteElo "1958"]
[BlackElo "1876"]
[Annotator "Claudiu Iordache"]
[PlyCount "78"]
[EventDate "2011.??.??"]

1. d4 d5 2. c4 e6 3. Nc3 c6 4. e3 Nf6 5. Bd3 Bd6 6. Nf3 Nbd7 7. O-O O-O 8. e4
dxe4 9. Nxe4 Nxe4 10. Bxe4 e5 11. dxe5 Nxe5 12. Nxe5 Bxe5 13. Bxh7+ Kxh7 14.
Qh5+ Kg8 15. Qxe5 Re8 16. Qc3 Bf5 17. Be3 Qc7 18. Rad1 Rad8 19. Rd4 c5 20. Rf4
Bg6 21. Rg4 Rd3 22. Qc1 Red8 23. Rg5 b6 24. h4 Qd7 25. Kh2 Kh7 26. h5 Bf5 27.
b3 f6 28. Rg3 Qe8 29. f4 Qxh5+ 30. Kg1 Rd1 31. Qb2 Rxf1+ 32. Kxf1 Rd1+ 33. Kf2
Bg4 34. Qc2+ f5 35. Qxd1 Bxd1 36. Rh3 Kg6 37. Rxh5 Kxh5 38. Bd2 Kg4 39. g3 Bc2
1/2-1/2

[Event "CN Juniori 2011 - B16"]
[Site "Caciulata"]
[Date "2011.04.15"]
[Round "7.5"]
[White "Bogdan, Horia-Daniel"]
[Black "Lupascu, Matei Alexandru"]
[Result "1-0"]
[WhiteElo "1844"]
[BlackElo "1958"]
[Annotator "Claudiu Iordache"]
[PlyCount "153"]
[EventDate "2011.??.??"]

1. d4 Nf6 2. Bg5 e6 3. e4 c5 4. c3 Qb6 5. Qc2 Nxe4 6. Qxe4 Qxb2 7. Nf3 cxd4 8.
Nxd4 f6 9. Be3 Qxa1 10. Qc2 Nc6 11. Nb3 Nb4 12. Nxa1 Nxc2+ 13. Nxc2 b6 14. Bb5
Bb7 15. O-O a6 16. Be2 b5 17. c4 Rc8 18. Nca3 b4 19. Nc2 Be4 20. Nd4 Bc5 21.
Nd2 Bg6 22. N2b3 Ba7 23. c5 a5 24. Nb5 Bb8 25. Nxa5 Be5 26. Nc4 O-O 27. Nb6 Ra8
28. Nxa8 Rxa8 29. Bc4 Be4 30. Rd1 Bc6 31. Nd4 Bd5 32. Bxd5 exd5 33. Rd2 f5 34.
f4 Ra3 35. Nb3 Bc3 36. Re2 Kf7 37. Bd4 Rxb3 38. axb3 Bxd4+ 39. Kf1 Bxc5 40. Re5
Kf6 41. Rxd5 d6 42. Ke2 Ke6 43. Rd1 h6 44. Kd3 Kd5 45. Rf1 Bd4 46. h3 h5 47.
Re1 h4 48. Re7 Bb2 49. Rf7 Bf6 50. Ra7 Bd4 51. Ra5+ Bc5 52. Rb5 Ke6 53. Rb8 Kf6
54. Rh8 Bf2 55. Kc4 Be1 56. Rf8+ Kg6 57. Rd8 Kh5 58. Rxd6 Bg3 59. Rd4 Be1 60.
Kd5 g5 61. Ke6 Kg6 62. fxg5 Kxg5 63. Rd5 Kf4 64. Rxf5+ Kg3 65. Rg5+ Kh2 66. Kf5
Bg3 67. Kg4 Kxg2 68. Rc5 Kf1 69. Rc4 Be1 70. Kf3 Bc3 71. Rxh4 Ke1 72. Ke3 Kd1
73. Kd3 Kc1 74. Kc4 Kd2 75. Rg4 Ke2 76. h4 Kf3 77. Rg8 1-0

[Event "CN Juniori 2011 - B16"]
[Site "Caciulata"]
[Date "2011.04.14"]
[Round "6.4"]
[White "Lupascu, Matei Alexandru"]
[Black "Bida, Mihai Eugen"]
[Result "1/2-1/2"]
[WhiteElo "1958"]
[BlackElo "2093"]
[Annotator "Claudiu Iordache"]
[PlyCount "111"]
[EventDate "2011.??.??"]

1. d4 Nf6 2. c4 e6 3. Nc3 Bb4 4. a3 Bxc3+ 5. bxc3 c5 6. e3 b6 7. Bd3 Nc6 8. Ne2
O-O 9. O-O Ba6 10. e4 Ne8 11. Be3 d6 12. Ng3 Na5 13. Qe2 g6 14. e5 cxd4 15.
cxd4 dxe5 16. dxe5 Qh4 17. f4 Rc8 18. Rac1 Nb3 19. Rc3 Nc5 20. Bb1 f5 21. exf6
Qxf6 22. Qc2 Nd6 23. Rd1 Nf5 24. Nxf5 exf5 25. Bd4 Qc6 26. Re3 Rfe8 27. Rde1
Rxe3 28. Rxe3 Re8 29. Re5 Bb7 30. Ba1 Rxe5 31. Bxe5 Nd3 32. Qd2 Nxe5 33. fxe5
Qc5+ 34. Kf1 Qxc4+ 35. Ke1 Bd5 36. a4 a5 37. Kf2 Qc5+ 38. Kg3 Kf7 39. h3 Be6
40. Qf4 h6 41. h4 Qb4 42. Bd3 Qc3 43. Qe3 Qc5 44. Qxh6 Qxe5+ 45. Qf4 Kf6 46.
Bb5 Bd5 47. Qxe5+ Kxe5 48. Be8 f4+ 49. Kg4 Be4 50. Bf7 Bxg2 51. Bxg6 Be4 52. h5
f3 53. Kg3 Bc6 54. h6 Kf6 55. h7 Kg7 56. Bc2 1/2-1/2

[Event "CN Juniori 2011 - B16"]
[Site "Caciulata"]
[Date "2011.04.14"]
[Round "5.3"]
[White "Lupascu, Matei Alexandru"]
[Black "Malureanu, Costin George"]
[Result "1/2-1/2"]
[WhiteElo "1958"]
[BlackElo "2143"]
[Annotator "Claudiu Iordache"]
[PlyCount "55"]
[EventDate "2011.??.??"]

1. d4 d5 2. c4 e6 3. Nc3 c6 4. e3 Nf6 5. Bd3 Nbd7 6. Nf3 dxc4 7. Bxc4 b5 8. Bb3
b4 9. Ne2 c5 10. O-O Bb7 11. Bd2 Bd6 12. Rc1 O-O 13. Ng3 a5 14. Re1 cxd4 15.
exd4 Nb6 16. Ne5 a4 17. Bc2 Bd5 18. Bb1 b3 19. a3 Nfd7 20. Nc6 Qh4 21. Bb4 Bxb4
22. Nxb4 Nf6 23. Nxd5 Nbxd5 24. Qd2 Rfd8 25. Ne4 Qf4 26. Qxf4 Nxf4 27. Nxf6+
gxf6 28. g3 1/2-1/2

[Event "CN Juniori 2011 - B16"]
[Site "Caciulata"]
[Date "2011.04.13"]
[Round "4.9"]
[White "Negru, Alecsandru-George"]
[Black "Lupascu, Matei Alexandru"]
[Result "0-1"]
[WhiteElo "1731"]
[BlackElo "1958"]
[Annotator "Claudiu Iordache"]
[PlyCount "137"]
[EventDate "2011.??.??"]

1. e4 c5 2. d3 g6 3. g3 Bg7 4. Bg2 Nc6 5. Nf3 d6 6. h3 Nf6 7. O-O O-O 8. c3 e5
9. Nbd2 b5 10. Re1 Bd7 11. Nf1 Rb8 12. Nh4 a5 13. f4 Nh5 14. f5 Nxg3 15. Nxg6
fxg6 16. Nxg3 Qc8 17. fxg6 hxg6 18. Kh2 Rf2 19. Re2 Rf7 20. Qd2 Qf8 21. Qg5 Ne7
22. Bd2 c4 23. Qe3 Kh7 24. Rf1 Rxf1 25. Bxf1 Nc6 26. Rf2 Qe7 27. dxc4 bxc4 28.
Bxc4 Qh4 29. Bf1 Rxb2 30. Qd3 Qe7 31. Qe3 Qe6 32. c4 Nb4 33. Bxb4 Rxb4 34. Qg5
Bh6 35. Qh4 Kg7 36. Qd8 Bf4 37. Qxa5 Rb1 38. Bg2 Be3 39. Rf1 Rb2 40. Kh1 Bf4
41. Qe1 Rxa2 42. Ne2 Bg5 43. Qg3 Be7 44. Qd3 Ra4 45. Rc1 Ra8 46. Qc3 Rf8 47.
Qe3 Rh8 48. Rc3 Qf6 49. Qf3 Qxf3 50. Rxf3 Rc8 51. Rc3 Be6 52. Kg1 Bxc4 53. Bf1
Rc5 54. Re3 Be6 55. Bg2 Ra5 56. Kh2 Bc4 57. Nc3 Ra1 58. Nd5 Bxd5 59. exd5 Bg5
60. Rf3 Bf4+ 61. Rxf4 exf4 62. h4 Kf6 63. Be4 Ra3 64. Kg2 g5 65. hxg5+ Kxg5 66.
Bf3 Kf5 67. Bh5 Ke4 68. Bf7 f3+ 69. Kf2 0-1

[Event "CN Juniori 2011 - B16"]
[Site "Caciulata"]
[Date "2011.04.12"]
[Round "3.11"]
[White "Lupascu, Matei Alexandru"]
[Black "Jakab, Benjamin"]
[Result "1-0"]
[WhiteElo "1958"]
[BlackElo "1710"]
[Annotator "Claudiu Iordache"]
[PlyCount "61"]
[EventDate "2011.??.??"]

1. d4 d5 2. c4 c6 3. cxd5 cxd5 4. Nc3 Nf6 5. Nf3 e6 6. Bf4 a6 7. e3 Nc6 8. Rc1
Bd6 9. Bxd6 Qxd6 10. Bd3 O-O 11. O-O b5 12. Nd2 Na5 13. Nb3 Nxb3 14. Qxb3 Nd7
15. Ne2 Nb6 16. Qc2 f5 17. Qc6 Qb8 18. Qc7 Bd7 19. Qxb8 Raxb8 20. Rc7 Rfc8 21.
Rfc1 g5 22. b3 Kf8 23. Ra7 Rxc1+ 24. Nxc1 Ke8 25. Rxa6 Nc8 26. g4 Rb6 27. Rxb6
Nxb6 28. Ne2 h6 29. gxf5 exf5 30. f4 Nc8 31. Nc3 1-0

[Event "CN Juniori 2011 - B16"]
[Site "Caciulata"]
[Date "2011.04.12"]
[Round "2.6"]
[White "Vrencian , Lehel"]
[Black "Lupascu, Matei Alexandru"]
[Result "1-0"]
[WhiteElo "1835"]
[BlackElo "1958"]
[Annotator "Claudiu Iordache"]
[PlyCount "99"]
[EventDate "2011.??.??"]

1. e4 c5 2. Nf3 e6 3. d4 cxd4 4. Nxd4 a6 5. Bd3 Nf6 6. Nc3 Qc7 7. O-O Be7 8.
Kh1 d6 9. f4 Nbd7 10. Qf3 h5 11. Be3 h4 12. Rad1 b6 13. Qe2 Bb7 14. Nf3 h3 15.
g3 Nc5 16. Bd4 Nh5 17. Rde1 Bf6 18. Bxf6 Nxf6 19. f5 e5 20. Nd2 b5 21. Nb3 Ncd7
22. Kg1 b4 23. Nd1 a5 24. Nf2 Qb6 25. Nd2 Nc5 26. Nc4 Qd8 27. Nd2 Rc8 28. Bb5+
Kf8 29. Bd3 Nh5 30. Qg4 Nf6 31. Qf3 Qb6 32. Kh1 Nxd3 33. cxd3 Ba6 34. Rc1 Ke7
35. Nc4 Bxc4 36. dxc4 a4 37. Rfd1 Rc6 38. b3 axb3 39. axb3 Rc7 40. Rd2 Rd7 41.
Rcd1 Ra7 42. g4 Qb8 43. g5 Nd7 44. f6+ gxf6 45. gxf6+ Ke8 46. Rxd6 Nc5 47. Qf5
Nb7 48. Qxe5+ Kf8 49. Qe7+ Kg8 50. Rg1+ 1-0

[Event "CN Juniori 2011 - B16"]
[Site "Caciulata"]
[Date "2011.04.11"]
[Round "1.9"]
[White "Lupascu, Matei Alexandru"]
[Black "Nicolae, Radu-Danut"]
[Result "1-0"]
[WhiteElo "1958"]
[BlackElo "1673"]
[Annotator "Claudiu Iordache"]
[PlyCount "86"]
[EventDate "2011.??.??"]

1. d4 d5 2. c4 c6 3. cxd5 cxd5 4. Nc3 Nf6 5. Bf4 Nc6 6. e3 Bf5 7. Nf3 e6 8. Qb3
Qe7 9. a3 Nh5 10. Bg3 Nxg3 11. hxg3 Qc7 12. Rc1 Be7 13. Nh4 Bg6 14. Nxg6 fxg6
15. Bd3 O-O 16. O-O g5 17. Qd1 g6 18. Na4 Rac8 19. Qg4 Qd7 20. Nc5 Bxc5 21.
Rxc5 Qe7 22. Rfc1 Qf6 23. Qe2 Ne7 24. Rc7 a6 25. b4 e5 26. dxe5 Qxe5 27. Rxc8
Rxc8 28. Rxc8+ Nxc8 29. Qc2 Qe6 30. Qc7 b5 31. Qd8+ Kg7 32. Qxg5 Nd6 33. Qf4
Nc4 34. Qc7+ Kg8 35. Qb8+ Kg7 36. Qb7+ Kg8 37. e4 dxe4 38. Bxe4 Kf8 39. Qa8+
Kg7 40. Qa7+ Kh6 41. Qa8 Nd6 42. Bd5 Qe1+ 43. Kh2 Qxf2 {....1-0} 1-0

[Event "CN Seniori 2011"]
[Site "Sarata Monteoru"]
[Date "2011.02.20"]
[Round "11.30"]
[White "Bida, Mihai Eugen"]
[Black "Lupascu, Matei Alexandru"]
[Result "1-0"]
[WhiteElo "2024"]
[BlackElo "1946"]
[PlyCount "89"]
[EventDate "2011.02.12"]

1. e4 c5 2. Nf3 e6 3. d4 cxd4 4. Nxd4 a6 5. c4 Qc7 6. Nc3 Nf6 7. a3 Be7 8. Be2
d6 9. O-O Nbd7 10. Be3 O-O 11. Rc1 b6 12. b4 Bb7 13. f3 Rac8 14. Qd2 Rfe8 15.
Rfd1 Qb8 16. Nb3 Bf8 17. Bf1 Bc6 18. Qf2 Be7 19. Rd2 Bd8 20. Rb2 Bc7 21. g3 Qa8
22. Bd4 d5 23. exd5 exd5 24. c5 bxc5 25. Nxc5 Nxc5 26. bxc5 Nd7 27. f4 Rb8 28.
Bg2 Ba5 29. Nd1 Re1+ 30. Bf1 Bb5 31. Rxb5 axb5 32. Qb2 f6 33. c6 Nb6 34. Qxb5
Qa7 35. Bf2 Bd2 36. Rb1 Ree8 37. Bxb6 Qf7 38. c7 Ra8 39. Bg2 Qg6 40. Qxd5+ Kh8
41. Qxa8 Rxa8 42. Bxa8 Qe8 43. Be3 Bxe3+ 44. Nxe3 Qxe3+ 45. Kh1 1-0

[Event "CN Seniori 2011"]
[Site "Sarata Monteoru"]
[Date "2011.02.19"]
[Round "10.27"]
[White "Lupascu, Matei Alexandru"]
[Black "Prundeanu, Horia"]
[Result "1/2-1/2"]
[WhiteElo "1946"]
[BlackElo "2194"]
[PlyCount "62"]
[EventDate "2011.02.12"]

1. d4 d5 2. c4 c6 3. cxd5 cxd5 4. Nc3 Nc6 5. Bf4 Bf5 6. e3 e6 7. g4 Bg6 8. h4
h6 9. h5 Bh7 10. Bd3 Bxd3 11. Qxd3 Bd6 12. Nge2 a6 13. f3 Nge7 14. Kf2 Bxf4 15.
Nxf4 Qd6 16. Qd2 O-O-O 17. Rac1 Kb8 18. a3 e5 19. Nfe2 f5 20. b4 fxg4 21. fxg4
Rhf8+ 22. Ke1 Qe6 23. Rg1 exd4 24. exd4 Rf3 25. b5 axb5 26. Nxb5 Rdf8 27. Qc2
Qe3 28. Qc5 Qf2+ 29. Kd2 Qe3+ 30. Ke1 Qf2+ 31. Kd2 Qe3+ 1/2-1/2

[Event "CN Seniori 2011"]
[Site "Sarata Monteoru"]
[Date "2011.02.18"]
[Round "9.41"]
[White "Secheres, Adrian Simion"]
[Black "Lupascu, Matei Alexandru"]
[Result "0-1"]
[WhiteElo "1855"]
[BlackElo "1946"]
[PlyCount "58"]
[EventDate "2011.02.12"]

1. d4 Nf6 2. c4 g6 3. Nc3 Bg7 4. e4 d6 5. Be2 O-O 6. Bg5 Nbd7 7. Qd2 e5 8. d5
a5 9. f3 Nc5 10. O-O-O Bd7 11. g4 Na4 12. Nxa4 Bxa4 13. Rf1 Bd7 14. h4 Qb8 15.
h5 c6 16. Bh6 Bh8 17. Bxf8 Kxf8 18. Nh3 cxd5 19. cxd5 gxh5 20. gxh5 Bxh3 21.
Rfg1 Bd7 22. h6 Qa7 23. Kb1 Qb6 24. Rc1 a4 25. Rc3 Ke7 26. Rhc1 Rg8 27. Rc7 Ne8
28. R7c4 Rg2 29. R4c2 Bf6 0-1

[Event "CN Seniori 2011"]
[Site "Sarata Monteoru"]
[Date "2011.02.17"]
[Round "7.55"]
[White "Ciortan, Mihail"]
[Black "Lupascu, Matei Alexandru"]
[Result "0-1"]
[WhiteElo "1757"]
[BlackElo "1946"]
[PlyCount "100"]
[EventDate "2011.02.12"]

1. b3 d5 2. d4 Nf6 3. Bb2 Bf5 4. Nf3 e6 5. e3 Nbd7 6. Bd3 Bxd3 7. Qxd3 Bd6 8.
Nbd2 O-O 9. Ne5 c5 10. O-O Qc7 11. f4 Rac8 12. Rac1 Nb6 13. dxc5 Bxc5 14. Bd4
Ba3 15. Rcd1 Qxc2 16. Qb5 Bd6 17. Ndf3 Ne4 18. Nd7 Nxd7 19. Qxd7 Rc7 20. Qa4 a6
21. Qa5 Qc6 22. Qe1 Qb5 23. Qh4 Bc5 24. g4 f6 25. g5 f5 26. Qe1 Qb4 27. Qe2
Rfc8 28. Qb2 Bxd4 29. Nxd4 Qb6 30. Rc1 Nc3 31. Kh1 Nb5 32. Rxc7 Rxc7 33. Rc1
Nxd4 34. exd4 Kf7 35. Rc2 Rxc2 36. Qxc2 Qxd4 37. Qc7+ Kg6 38. Qxb7 Qd1+ 39. Kg2
Qe2+ 40. Kg3 Qg4+ 41. Kf2 Qxf4+ 42. Ke1 Qe3+ 43. Kd1 d4 44. Qxa6 d3 45. Qc4
Qe2+ 46. Kc1 d2+ 47. Kb2 d1=Q+ 48. Ka3 Qd6+ 49. Ka4 Qxa2+ 50. Kb5 Qaa6# 0-1

[Event "CN Seniori 2011"]
[Site "Sarata Monteoru"]
[Date "2011.02.17"]
[Round "8.44"]
[White "Lupascu, Matei Alexandru"]
[Black "Carapit, Vasile"]
[Result "1-0"]
[WhiteElo "1946"]
[BlackElo "1830"]
[PlyCount "73"]
[EventDate "2011.02.12"]

1. d4 e6 2. c4 Nf6 3. Nf3 d5 4. Nc3 b6 5. cxd5 Nxd5 6. e4 Nxc3 7. bxc3 Bb7 8.
Bd3 Be7 9. O-O O-O 10. Qc2 Nd7 11. Be3 c5 12. Rad1 Qc7 13. Qb1 Rac8 14. Nd2 g6
15. e5 Kg7 16. Ne4 Rg8 17. Qb2 Bd5 18. Bc1 h5 19. Qd2 Rh8 20. Ba3 Rcd8 21. f4
Kf8 22. Ng5 c4 23. Bxe7+ Kxe7 24. Be4 Qc6 25. Rfe1 Nc5 26. Bxd5 Qxd5 27. Re2
Nd3 28. Ne4 h4 29. f5 Qc6 30. Qg5+ Kd7 31. fxe6+ Qxe6 32. d5 Qe7 33. e6+ fxe6
34. dxe6+ Qxe6 35. Nf6+ Kd6 36. Rxe6+ Kxe6 37. Ne4 1-0

[Event "CN Seniori 2011"]
[Site "Sarata Monteoru"]
[Date "2011.02.16"]
[Round "6.48"]
[White "Lupascu, Matei Alexandru"]
[Black "Nastase, Robert Paul"]
[Result "0-1"]
[WhiteElo "1946"]
[BlackElo "1825"]
[PlyCount "56"]
[EventDate "2011.02.12"]

1. d4 d5 2. c4 e6 3. cxd5 exd5 4. Nf3 Nf6 5. Bg5 Be7 6. Nc3 c6 7. e3 Nbd7 8.
Bd3 O-O 9. O-O Re8 10. Rb1 Nf8 11. b4 Bg4 12. h3 Bh5 13. b5 Ne4 14. Bxe7 Rxe7
15. Qc2 Bxf3 16. Bxe4 Bxe4 17. Nxe4 dxe4 18. bxc6 bxc6 19. Qxc6 Nd7 20. Rb5 Nb6
21. Qc5 Rc8 22. Qh5 Re6 23. Qg4 Qe7 24. Rxb6 axb6 25. d5 h5 26. Qxh5 Re5 27.
Qg4 Rd8 28. Rd1 Rexd5 0-1

[Event "CN Seniori 2011"]
[Site "Sarata Monteoru"]
[Date "2011.02.15"]
[Round "5.28"]
[White "Doncea, Vladimir"]
[Black "Lupascu, Matei Alexandru"]
[Result "1-0"]
[WhiteElo "2402"]
[BlackElo "1946"]
[PlyCount "109"]
[EventDate "2011.02.12"]

1. c4 Nf6 2. g3 g6 3. Bg2 Bg7 4. Nc3 O-O 5. e4 d6 6. Nge2 e5 7. O-O Nc6 8. d3
a6 9. h3 Bd7 10. Be3 Qc8 11. Kh2 h5 12. Qd2 Rb8 13. a4 Nb4 14. Nd5 Nbxd5 15.
cxd5 c5 16. b4 cxb4 17. Rfc1 Qd8 18. Qxb4 b5 19. a5 Qe7 20. Rc7 Rfc8 21. Rac1
Rxc7 22. Rxc7 Ra8 23. Bg5 Ng4+ 24. hxg4 Qxg5 25. Rxd7 Qxg4 26. Qxd6 Qxe2 27.
Rd8+ Rxd8 28. Qxd8+ Kh7 29. d6 Qxd3 30. Bh3 Qf3 31. Qb6 Bf6 32. Bg2 Qd3 33.
Qxa6 Bd8 34. Qa7 Qxd6 35. Qxf7+ Kh6 36. a6 Qxa6 37. Qf8+ Kh7 38. Qxd8 Qa7 39.
Qf6 Qc5 40. Bf1 b4 41. Qf7+ Kh6 42. Bc4 Qd6 43. Bd5 Qc5 44. Kg2 Qd6 45. Qb7 Qf8
46. Qc7 Qf6 47. Qb8 Qe7 48. Bb3 g5 49. Qh8+ Kg6 50. Qg8+ Kf6 51. f3 h4 52. Bd5
hxg3 53. Kxg3 Qd7 54. Qf8+ Kg6 55. Qf5+ 1-0